Normal view
MARC view
- Edited by James E. Mark
Entry Personal Name
001 - CONTROL NUMBER
- control field: 127624
003 - CONTROL NUMBER IDENTIFIER
- control field: NUST
005 - DATE AND TIME OF LATEST TRANSACTION
- control field: 20250117091844.0
008 - FIXED-LENGTH DATA ELEMENTS
- fixed length control field: 250117|| aca||aabn | a|a d
040 ## - CATALOGING SOURCE
- Original cataloging agency: NUST
- Transcribing agency: NUST
100 ## - HEADING--PERSONAL NAME
- Personal name: Edited by James E. Mark
670 ## - SOURCE DATA FOUND
- Source citation: Work cat.: (NUST)609143: Edited by James E. Mark, Polymer Data Handbook /, 1999
